Normal view
MARC view
- Chancellors
Entry Corporate Name
001 - CONTROL NUMBER
- control field: 5414
003 - CONTROL NUMBER IDENTIFIER
- control field: OSt
005 - DATE AND TIME OF LATEST TRANSACTION
- control field: 20190806150242.0
008 - FIXED-LENGTH DATA ELEMENTS
- fixed length control field: 071018n| acannaabn |n ana d
040 ## - CATALOGING SOURCE
- Original cataloging agency: OSt
- Transcribing agency: OSt
110 2# - HEADING--CORPORATE NAME
- Corporate name or jurisdiction name as entry element: Chancellors
670 ## - SOURCE DATA FOUND
- Source citation: Illustrated particulars of the very choice early 18th century period residence known as Tennyson's House, Montpelier Row, Twickenham, [ca. 1930]